Economic loss of timber resources due to encroachment by local community in Kelantan Timur forest district

Bibliographic Details
Main Author: NAZIR Khan bin Nizam Khan
Format: Book
Published: Serdang, Selangor : Universiti Putra Malaysoa , 2001
Subjects:

MARC

LEADER 00000cam a2200000 7i4500
001 0000001242
005 20140329.0
090 0 0 |a R THE 333.7509595121   |b NAZ 2001 
100 0 0 |a NAZIR Khan bin Nizam Khan 
245 1 0 |a Economic loss of timber resources due to encroachment by local community in Kelantan Timur forest district   |c Nazir Khan bin Nizam Khan 
260 0 0 |a Serdang, Selangor :   |b Universiti Putra Malaysoa ,   |c 2001 
300 |a xii, 102 p. :   |b ill. map ;   |c 30 cm. 
500 0 0 |a Bachelor of Forestry Science (Universiti Putra Malaysia, 2001) 
500 0 0 |a Bibliography : [p. 60-62] 
650 0 0 |a Forests and forestry   |z Malaysia   |z Kelantan 
650 0 0 |a Timber   |z Malaysia   |z Kelantan 
998 |a JPSM 
999 |a 0000002227   |b Monograph   |c Thesis   |e Default branch